00512nam a2200109Ia 4500008004100000100003100041245015700072260006300229300001800292650001700310856007500327160712s9999 xx 000 0 und d aPoblador, Karl Friedrik K. cKarl Friedrik K. PobladoraThe Transformation of Property Rights in the Philippine Timber and Gold Mining Industries during the American Colonial Period c2014bKasarinlan Philippine Journal of Third World Studies avol. 29 no. 1 xINDEPENDENCE uhttp://journals.upd.edu.ph/index.php/kasarinlan/issue/view/486/showToc